[Event "Ch Great Britain"]
[Site "Swansea (Wales)"]
[Round "0"]
[White "Botterill George S (WLS)"]
[Black "Gemmell Peter (ENG)"]
[Result "1-0"]
[WhiteElo "2370"]
[BlackElo "2305"]

1.d4 Nf6 2.c4 d6 3.Nf3 Bg4 4.Nc3 g6 5.e3 Bxf3 6.Qxf3 Nc6 7.Qd1 Bg7 8.Be2 O-O
9.O-O e5 10.d5 Ne7 11.e4 Nd7 12.Be3 f5 13.f3 f4 14.Bf2 g5 15.Rc1 Rf6 16.b4 Ng6
17.c5 Bf8 18.c6 bxc6 19.dxc6 Nb6 20.a4 Nh4 21.a5 Nc8 22.Nd5 Rh6 23.b5 Kh8
24.b6 axb6 25.axb6 Nxb6 26.Bxb6 Nxg2 27.Kxg2 cxb6 28.Kg1 g4 29.Rf2 g3 30.Rg2
Rh3 31.Bb5 Qh4 32.Qe2 Be7 33.c7 Rc8 34.Bd7 Rxh2 35.Rxh2 gxh2+ 36.Kh1 Rxc7
37.Rxc7 {#r} 1-0

[Event "It (open)"]
[Site "Wuerzburg (Germany)"]
[Round "0"]
[White "Schneider Alexander (GER)"]
[Black "Novoselski Zoran (SRB)"]
[Result "0-1"]
[WhiteElo "2015"]
[BlackElo "2384"]

1.Nf3 Nf6 2.c4 d6 3.d4 Bg4 4.g3 Qc8 5.Qb3 Nc6 6.Nbd2 a6 7.Bg2 Rb8 8.d5 Na7
9.a4 g6 10.h3 Bd7 11.e4 e5 12.a5 Bh6 13.h4 O-O 14.Ng5 Nh5 15.Ndf3 Bg7 16.Be3
Ra8 17.Bh3 h6 18.Bxd7 Qxd7 19.Nh3 c5 20.dxc6 bxc6 21.O-O-O Rab8 22.Bb6 c5
23.Qd3 Nc8 24.Bxc5 Qa4 25.Ba3 Rb3 26.Qe2 Na7 27.Ne1 Rc8 28.Nc2 Rxc4 29.Rxd6
Nc6 30.Kb1 Bf8 31.Rd3 Bxa3 32.Rxb3 Qxb3 33.Nxa3 Ra4 34.Qc2 Rxa3 35.Qxc6 Qd3+
{#R} 0-1

[Event "?"]
[Site "Belgrade (Yugoslavia)"]
[Round "0"]
[White "Vucicevic Moma (SRB)"]
[Black "Barlov Dragan (SRB)"]
[Result "1/2-1/2"]
[WhiteElo "2321"]
[BlackElo "2485"]

1.Nf3 Nf6 2.c4 d6 3.d4 Bg4 4.g3 Bxf3 5.exf3 c6 6.Bg2 g6 7.O-O Bg7 8.d5 O-O
9.f4 cxd5 10.cxd5 Nbd7 11.Nc3 Rc8 12.Be3 Nb6 13.Bh3 Nfd7 14.Bd4 Bxd4 15.Qxd4
Rc4 16.Qd3 Nf6 17.Rfe1 Re8 18.Re2 Qc7 19.Rae1 Kf8 20.f5 Kg7 21.fxg6 hxg6
22.Bg2 a6 23.Qd2 Rc5 24.Ne4 Nxe4 25.Bxe4 Nd7 26.Bg2 Nf6 27.Bf3 Qd7 28.Kg2 Rc7
29.h4 Qf5 30.Be4 Qd7 31.Bf3 Qf5 32.Qd4 Kg8 33.g4 Qd7 34.g5 Nh7 35.Bg4 Qb5
36.Re4 Nf8 37.a4 Qa5 38.b4 Qxa4 39.Qb6 Rc2 40.Rxe7 Rxe7 41.Rxe7 Rc4 42.Bf3
Rxh4 43.Qxd6 Qxb4 44.Qxb4 Rxb4 45.Kg3 b6 46.Rb7 a5 47.d6 Rd4 48.Rxb6 Ne6
49.Bg4 {#d} 1/2-1/2

[Event "It"]
[Site "Bulgaria"]
[Round "0"]
[White "Tosic Miroslav (SRB)"]
[Black "Atanasov Petko (BUL)"]
[Result "1/2-1/2"]
[WhiteElo "2405"]
[BlackElo "2342"]

1.d4 Nf6 2.Nf3 d6 3.c4 Bg4 4.g3 c6 5.Bg2 h6 6.Nc3 Nbd7 7.O-O e5 8.b3 Be7 9.Bb2
O-O 10.h3 Bf5 11.Nh4 Bh7 12.e4 Qa5 13.Re1 Rfe8 14.a3 Rad8 15.d5 cxd5 16.cxd5
Rc8 17.b4 Qd8 18.Nf3 Nb6 19.Nd2 Nfd7 20.Rc1 a6 21.h4 Nc4 22.Nxc4 Rxc4 23.Qd3
b5 24.Nb1 Nb6 25.Nd2 Rxc1 26.Rxc1 g5 27.h5 Qd7 28.Rc6 Na4 29.Bc1 Rc8 30.Qc2
Rxc6 31.dxc6 Qc7 32.Nb3 d5 33.Na5 Nb6 34.Qe2 d4 35.Bd2 Kg7 36.Qd3 f6 37.Qc2
Bg8 38.Bf1 {#d} 1/2-1/2

[Event "It"]
[Site "Edinburgh (Scotland)"]
[Round "3"]
[White "Arkell Keith C (ENG)"]
[Black "Martin Andrew D (ENG)"]
[Result "1/2-1/2"]
[WhiteElo "2430"]
[BlackElo "2399"]

1.d4 Nf6 2.Nf3 d6 3.c4 Bg4 4.g3 Bxf3 5.exf3 c6 6.Nc3 e6 7.d5 exd5 8.cxd5 c5
9.Qb3 Nbd7 10.Qxb7 Be7 11.Bb5 O-O 12.Bc6 Rb8 13.Qxa7 Ne5 14.O-O Qc8 15.Bf4
Nxf3+ 16.Kg2 Qg4 17.h3 Nh4+ 18.Kg1 Nf3+ 19.Kg2 Nh4+ 20.Kg1 {#d} 1/2-1/2

[Event "It (open)"]
[Site "Eger (Hungary)"]
[Round "0"]
[White "Roeder Mathias (GER)"]
[Black "Horvath Sandor_ (HUN)"]
[Result "1-0"]
[WhiteElo "2398"]
[BlackElo "1994"]

1.d4 Nf6 2.Nf3 d6 3.c4 Bg4 4.Qb3 Qc8 5.g3 g6 6.Bg2 Nc6 7.Be3 Bg7 8.Nbd2 O-O
9.d5 Nd8 10.h3 Bd7 11.c5 e6 12.cxd6 cxd6 13.dxe6 Bxe6 14.Qa3 Nc6 15.Rc1 Nd5
16.Bd4 Nxd4 17.Rxc8 Rfxc8 18.O-O Nc2 19.Qa4 Bxb2 20.Ng5 Nd4 21.Nxe6 fxe6
22.Bxd5 exd5 23.e3 Bc3 24.exd4 Bxd2 25.Qb5 Rc6 26.Qxb7 Rac8 27.Qxa7 R8c7
28.Qb8+ Kg7 29.Qb5 Bg5 30.Qxd5 Bf6 31.Rb1 Rc4 32.Rb7 Rxb7 33.Qxc4 Rb1+ 34.Kg2
Rd1 35.d5 Kf7 {#r} 1-0

[Event "It (open)"]
[Site "Groningen (Netherlands)"]
[Round "0"]
[White "Bjertrup Michael (DEN)"]
[Black "Zagema Wieb (NED)"]
[Result "0-1"]
[WhiteElo "2256"]
[BlackElo "2312"]

1.Nf3 Nf6 2.c4 d6 3.d4 Bg4 4.Nbd2 g6 5.g3 Bg7 6.Bg2 c6 7.h3 Bd7 8.b3 Qc8 9.Bb2
O-O 10.Qc2 Na6 11.a3 c5 12.Rc1 Rb8 13.d5 b5 14.Kf1 bxc4 15.bxc4 Bf5 16.e4 Nxe4
17.Bxg7 Nxg3+ 18.fxg3 Bxc2 19.Bxf8 Bd3+ 20.Kg1 Qxf8 21.Kh2 Rb2 22.Rhe1 Bf5
23.Re3 Bd7 24.Rce1 e5 25.dxe6 fxe6 26.Ne4 Nc7 27.Kh1 d5 28.cxd5 Nxd5 29.Rd3
Bb5 30.Rdd1 Be2 31.Rd2 Rxd2 32.Nfxd2 Bd3 33.Ng5 Nc7 34.Re3 c4 35.Ndf3 Qf6
36.h4 h6 37.Nh3 Nd5 38.Re1 Nc3 39.Nf4 Be4 40.Re3 Nd1 41.Re1 Bxf3 42.Bxf3 Qc3
43.Rf1 Ne3 44.Rb1 Nf5 45.Rb8+ Kf7 46.Kg2 Qe1 47.Ne2 Ne3+ {#R} 0-1

[Event "It (open)"]
[Site "Guernsey & Jersey"]
[Round "0"]
[White "Werbeck Torsten (GER)"]
[Black "De Rooi Paul (NED)"]
[Result "1/2-1/2"]
[WhiteElo "2149"]
[BlackElo "1981"]

1.d4 d6 2.Nf3 Nf6 3.c4 Bg4 4.Nc3 Nbd7 5.e4 e5 6.Be3 c6 7.Be2 Be7 8.O-O O-O
9.Qc2 Ne8 10.Rad1 f5 {#d} 1/2-1/2

[Event "It (a)"]
[Site "Israel"]
[Round "0"]
[White "Wells Peter K (ENG)"]
[Black "Stepak Yedael (ISR)"]
[Result "1-0"]
[WhiteElo "2410"]
[BlackElo "2262"]

1.Nf3 Nf6 2.c4 d6 3.d4 Bg4 4.Nc3 Nbd7 5.g3 Bxf3 6.exf3 c5 7.Be3 g6 8.Bg2 Bg7
9.O-O O-O 10.dxc5 Nxc5 11.f4 Qc8 12.Qe2 Re8 13.b4 Ne6 14.Rac1 a5 15.a3 axb4
16.axb4 Nc7 17.Rfd1 Ra3 18.Qb2 Ra8 19.Qb3 Rb8 20.h3 h5 21.c5 dxc5 22.Bxc5 Qf5
23.Re1 Ne6 24.Ba7 Ra8 25.Re5 Qd3 26.Rd1 Qa6 27.Ra5 Qxa7 28.Rxa7 Rxa7 29.Nd5
Nh7 30.h4 Nd4 31.Qe3 e6 32.Rxd4 Ra1+ 33.Kh2 Rea8 34.Nb6 Bxd4 35.Qxd4 R8a2
36.Nd7 Rb1 37.Nc5 Rbb2 38.Ne4 Rc2 39.Qd8+ Kg7 40.Qe7 {#r} 1-0

[Event "It \"]
[Site "London (England)"]
[Round "0"]
[White "Bjertrup Michael (DEN)"]
[Black "Finegold Benjamin (USA)"]
[Result "1-0"]
[WhiteElo "2256"]
[BlackElo "2489"]

1.Nf3 Nf6 2.c4 d6 3.d4 Bg4 4.g3 Bxf3 5.exf3 g6 6.Bg2 Bg7 7.Nc3 O-O 8.O-O c6
9.Re1 e6 10.d5 exd5 11.cxd5 c5 12.Qb3 Na6 13.Bf1 Rb8 14.Bd2 Nc7 15.a4 a6 16.a5
Nd7 17.Ne4 b5 18.Bf4 c4 19.Qa3 Ne5 20.Rad1 Re8 21.Kg2 b4 22.Qa2 c3 23.bxc3
bxc3 24.Nxc3 g5 25.Bxe5 Bxe5 26.Na4 Nb5 27.Qd2 Kg7 28.Nb6 h6 29.Bd3 Re7 30.Rc1
Rc7 31.Rxc7 Qxc7 32.Rc1 Qa7 33.Qb4 Bd4 34.Rc6 Bc5 35.Qe4 Rh8 36.Na4 Bxf2
37.Qe2 Bg1 38.Rc1 Nd4 39.Qe4 Nb3 40.Rxg1 Nd2 {#r} 1-0

[Event "It (open)"]
[Site "Saint John (Canada)"]
[Round "0"]
[White "Boutquin Pierre (CAN)"]
[Black "Akhsharumova Anna M (USA)"]
[Result "0-1"]
[WhiteElo "2270"]
[BlackElo "2310"]

1.Nf3 Nf6 2.c4 d6 3.d4 Bg4 4.Nbd2 e6 5.g3 Nbd7 6.Bg2 Be7 7.Qc2 Rb8 8.O-O O-O
9.b3 Re8 10.Bb2 Bf8 11.e4 e5 12.Rfe1 c6 13.Nf1 Qb6 14.Rad1 Bh5 15.Ne3 exd4
16.Bxd4 c5 17.Bxf6 Nxf6 18.Nd5 Qd8 19.Nc3 Nd7 20.Rd2 Bxf3 21.Bxf3 Ne5 22.Bg2
Nc6 23.Qd1 a6 24.f4 Qa5 25.Nd5 Kh8 26.Ne3 g6 27.e5 dxe5 28.Bxc6 bxc6 29.Rd7
Rbd8 30.Rxd8 Rxd8 31.Qa1 Bg7 32.fxe5 Rd2 33.a4 Qd8 34.Rd1 Rd4 35.Rf1 Qd7
36.Qe1 Kg8 37.Qf2 Bxe5 38.Qf3 {#R} 0-1

[Event "It \"]
[Site "Amsterdam (Netherlands)"]
[Round "0"]
[White "Piket Jeroen (NED)"]
[Black "Van Der Wiel John T H (NED)"]
[Result "1/2-1/2"]
[WhiteElo "2540"]
[BlackElo "2545"]

1.d4 d6 2.Nf3 Nf6 3.c4 Bg4 4.Nc3 c6 5.e4 Bxf3 6.Qxf3 Nbd7 7.Qd1 e5 8.Be2 Be7
9.O-O O-O 10.Be3 exd4 11.Qxd4 Re8 12.Rfd1 Bf8 13.f3 Qa5 14.Qd2 Qh5 15.Qe1 Qg6
16.Qf2 Nc5 17.Rd2 a5 18.Rad1 Nfd7 {#d} 1/2-1/2

[Event "It (open)"]
[Site "Bermuda"]
[Round "0"]
[White "Gurevich Dmitry (USA)"]
[Black "Strenzwilk Denis (USA)"]
[Result "1-0"]
[WhiteElo "2480"]
[BlackElo "2017"]

1.d4 d6 2.Nf3 Bg4 3.c4 Nf6 4.Nc3 e6 5.e4 Be7 6.Be2 c6 7.h3 Bh5 8.d5 exd5
9.exd5 O-O 10.O-O Re8 11.Re1 Nbd7 12.dxc6 bxc6 13.Bf4 Nc5 14.Nd4 Bxe2 15.Qxe2
Qb6 16.Qf3 d5 17.cxd5 cxd5 18.Nf5 Bf8 19.Be5 Nce4 20.Bd4 Qa6 21.Nxd5 Nxd5
22.Rxe4 Nf6 23.Nh6+ Kh8 24.Nxf7+ Kg8 25.Nh6+ gxh6 26.Bxf6 Rxe4 27.Qxe4 Rc8
28.Qd5+ {#r} 1-0

[Event "It (open) \"]
[Site "Budapest (Hungary)"]
[Round "0"]
[White "Yanvarjov Igor (RUS)"]
[Black "Ubilava Elizbar (ESP)"]
[Result "1-0"]
[WhiteElo "2421"]
[BlackElo "2525"]

1.d4 Nf6 2.c4 d6 3.Nf3 Bg4 4.Qb3 Qc8 5.h3 Bh5 6.Bg5 Nbd7 7.Nbd2 Bg6 8.g3 c6
9.Bg2 Qc7 10.O-O e5 11.Rac1 Ne4 12.Be3 Be7 13.Rfd1 Nxd2 14.Rxd2 a5 15.dxe5
dxe5 16.Rcd1 Bf5 17.g4 Be6 18.Ng5 Bxg5 19.Bxg5 h5 20.Rd6 hxg4 21.Qd3 Nf6
22.hxg4 O-O 23.Bxf6 gxf6 24.Be4 Kg7 25.Bf5 Rae8 26.c5 Bxa2 27.b3 a4 28.g5 fxg5
29.Qd2 Qe7 30.Qxa2 e4 31.Qxa4 e3 32.Qd4+ Qe5 33.fxe3 Kg8 34.Qxe5 Rxe5 35.e4
Rxc5 36.R1d3 Ra8 37.Rg3 Kf8 38.Rxg5 Rc3 39.Rh5 Ra2 40.Rh8+ Kg7 41.Rh7+ Kf8
42.Kf2 Rcc2 43.Bg4 Kg8 44.Rh3 Rcb2 45.Rd7 b5 46.Bh5 {#r} 1-0

[Event "Ch Bulgaria"]
[Site "Bulgaria"]
[Round "7"]
[White "Popov Petar (BUL)"]
[Black "Topalov Veselin (BUL)"]
[Result "0-1"]
[WhiteElo "2228"]
[BlackElo "2768"]

1.Nf3 Nf6 2.c4 d6 3.d4 Bg4 4.b3 Nbd7 5.Bb2 Bxf3 6.gxf3 e5 7.Nc3 g6 8.e3 Bg7
9.Bh3 O-O 10.Qd2 Qe7 11.dxe5 dxe5 12.O-O Rfd8 13.Qc2 c6 14.a4 Nh5 15.Rfd1 f5
16.Ne2 Qg5+ 17.Bg2 f4 18.e4 Bf8 19.Bc3 a5 20.Kh1 Qh4 21.Ng1 Bc5 22.Bh3 Nhf6
23.Rd2 Bd4 24.Bxd4 exd4 25.Rxd4 Ne5 26.Qd2 Re8 27.c5 Nf7 28.Bf1 Re5 29.Bc4 Kg7
30.Bxf7 Rh5 31.h3 Kxf7 32.Re1 Re5 33.Qc2 Rae8 34.Red1 Rh5 35.b4 Ree5 36.bxa5
Kg7 37.Qe2 Rxc5 38.Rb4 Rxa5 39.Rxb7+ Kh6 40.Rd4 Rac5 41.Rf7 Rc1 42.Rd1 Rxd1
43.Qxd1 Qxf2 44.Qe2 Rxh3+ 45.Nxh3 Qxe2 46.Ng1 Qb2 47.a5 Nh5 48.Nh3 Qa1+ 49.Ng1
{#R} 0-1

[Event "It (open)"]
[Site "Copenhagen (Denmark)"]
[Round "3"]
[White "Bellin Jana (ENG)"]
[Black "Iskov Gert (DEN)"]
[Result "0-1"]
[WhiteElo "2133"]
[BlackElo "2320"]

1.d4 Nf6 2.Nf3 d6 3.c4 Bg4 4.Nc3 Bxf3 5.exf3 g6 6.Be2 Bg7 7.Be3 O-O 8.Qd2 Nc6
9.d5 Ne5 10.h3 c6 11.f4 Ned7 12.O-O Qa5 13.Rad1 Rfc8 14.f5 cxd5 15.cxd5 Nb6
16.Bh6 Na4 17.Nxa4 Qxa4 18.Bxg7 Kxg7 19.b3 Qe4 20.Bd3 Qxd5 21.Qe3 Rc3 22.fxg6
hxg6 23.Qe2 Rh8 24.Qd2 Rc7 25.Rfe1 Rh4 26.Qe3 Rc3 27.Qd2 Qc5 28.Rxe7 Rd4
29.Re3 Nd5 30.Rf3 Nf4 31.Rxf4 Rdxd3 32.Qxd3 Rxd3 33.Rxd3 Qc1+ 34.Kh2 Qxf4+
35.Kg1 Qe4 {#R} 0-1

[Event "It (open)"]
[Site "Copenhagen (Denmark)"]
[Round "10"]
[White "Johansen Terje (NOR)"]
[Black "Iskov Gert (DEN)"]
[Result "0-1"]
[WhiteElo "2255"]
[BlackElo "2320"]

1.d4 Nf6 2.Nf3 d6 3.c4 Bg4 4.Qb3 Qc8 5.Nc3 g6 6.h3 Bxf3 7.exf3 Bg7 8.Be3 O-O
9.Be2 c6 10.O-O e6 11.d5 exd5 12.cxd5 c5 13.Bf4 Ne8 14.Ne4 Qc7 15.Rac1 Nd7
16.Rfd1 a6 17.a4 h6 18.Qa3 f5 19.Nxc5 Nxc5 20.b4 Qe7 21.Re1 Nd7 22.Bxa6 Ne5
23.Bf1 Qh4 24.Bd2 Nf6 25.f4 Nf7 26.Rc7 Ne4 27.Be3 g5 28.fxg5 f4 29.Bb6 Nfxg5
30.Rec1 f3 31.R1c4 Be5 32.Be3 fxg2 33.Bxg2 Nxh3+ 34.Bxh3 Qxh3 35.Qd3 Bh2+
36.Kh1 Bg3+ 37.Kg1 Qh2+ 38.Kf1 Rxf2+ 39.Bxf2 Qxf2# 0-1

[Event "It (open)"]
[Site "Corfu (Greece)"]
[Round "6"]
[White "Tsorbatzoglou Theodoros (GRE)"]
[Black "Kotronias Vasilios (GRE)"]
[Result "0-1"]
[WhiteElo "2220"]
[BlackElo "2475"]

1.d4 Nf6 2.Nf3 d6 3.c4 Bg4 4.Nc3 c6 5.e4 Nbd7 6.Be2 e5 7.Be3 Be7 8.O-O O-O
9.Kh1 Bh5 10.Nd2 Bg6 11.Rc1 Ne8 12.Nb3 a5 13.f4 exf4 14.Bxf4 Bg5 15.Bxg5 Qxg5
16.Qd2 h6 17.Qxg5 hxg5 18.Nd2 Nef6 19.Nf3 Nh7 20.Rce1 Rfe8 21.Bd3 Re7 22.Bb1
Rae8 23.g4 Ndf6 24.e5 dxe5 25.Bxg6 fxg6 26.Rxe5 Rxe5 27.Nxe5 c5 28.Nb5 cxd4
29.Nd3 Nxg4 30.Re1 Rf8 31.Nxd4 Rd8 32.Re4 Nhf6 {#R} 0-1

[Event "Bundesliga 1988/89"]
[Site "Germany"]
[Round "0"]
[White "Hofmann Michael (SUI)"]
[Black "Nippgen Georg (GER)"]
[Result "0-1"]
[WhiteElo "2295"]
[BlackElo "2234"]

1.Nf3 Nf6 2.c4 d6 3.d4 Bg4 4.Nc3 Nbd7 5.g3 Bxf3 6.exf3 c6 7.Bg2 d5 8.cxd5 Nxd5
9.Nxd5 cxd5 10.O-O e6 11.f4 g6 12.Re1 Nb6 13.g4 Qf6 14.Qd3 O-O-O 15.f5 gxf5
16.Bf4 Bd6 17.Rac1+ Kb8 18.Qg3 Bxf4 19.Qxf4+ Ka8 20.gxf5 Rhg8 21.Kh1 Nc4
22.Bh3 Nxb2 23.Bf1 Qg7 24.Qg3 Qxd4 25.Qf3 e5 26.Rc7 f6 27.Rec1 h5 28.Qb3 Rb8
29.Qc2 Qg4 {#R} 0-1

[Event "It (open)"]
[Site "Groningen (Netherlands)"]
[Round "6"]
[White "Douven Rudy C (NED)"]
[Black "Zagema Wieb (NED)"]
[Result "1-0"]
[WhiteElo "2475"]
[BlackElo "2312"]

1.d4 Nf6 2.Nf3 d6 3.c4 Bg4 4.Nc3 Bxf3 5.exf3 c6 6.Bd3 d5 7.f4 dxc4 8.Bxc4 e6
9.f5 exf5 10.O-O Bd6 11.Re1+ Kf8 12.Qf3 Qc7 13.Qxf5 Bxh2+ 14.Kh1 Bd6 15.Qxf6
{#r} 1-0

[Event "It \"]
[Site "Hania (Greece)"]
[Round "0"]
[White "Kosic Dragan (MNE)"]
[Black "Topalov Veselin (BUL)"]
[Result "0-1"]
[WhiteElo "2495"]
[BlackElo "2768"]

1.Nf3 Nf6 2.c4 d6 3.d4 Bg4 4.Nc3 Nbd7 5.e4 e5 6.d5 Nc5 7.h3 Bh5 8.Qc2 Bxf3
9.gxf3 Nh5 10.Rg1 Be7 11.Ne2 c6 12.Ng3 Nf4 13.Nf5 g6 14.Nxe7 Qxe7 15.Be3 cxd5
16.cxd5 O-O 17.b4 Nd7 18.Qd2 Rfc8 19.Bb5 Nb6 20.Bxf4 exf4 21.Rd1 Qe5 22.Rg4 h5
23.Rg1 Rc3 24.Rg5 Qf6 25.Qd4 Qxd4 26.Rxd4 a6 27.Be2 Nd7 28.Rc4 Rxc4 29.Bxc4
Rc8 30.Be2 Rc1+ 31.Bd1 Ne5 32.Ke2 Rc3 {#R} 0-1

[Event "Ch Czechoslovakia (cat.11)"]
[Site "Prague (Czech Republic)"]
[Round "3"]
[White "Stohl Igor (SVK)"]
[Black "Ftacnik Lubomir (SVK)"]
[Result "1/2-1/2"]
[WhiteElo "2500"]
[BlackElo "2550"]

1.Nf3 Nf6 2.c4 d6 3.d4 Bg4 4.Nc3 Nbd7 5.e4 e5 6.Be2 Be7 7.Be3 c6 8.h3 Bxf3
9.Bxf3 O-O 10.O-O Qb8 11.Ne2 Re8 12.Qc2 Bd8 13.dxe5 dxe5 {#d} 1/2-1/2

[Event "It (open)"]
[Site "Royan (France)"]
[Round "0"]
[White "Gaborit Jean-Pierre (FRA)"]
[Black "Gerer Josef (GER)"]
[Result "1/2-1/2"]
[WhiteElo "2222"]
[BlackElo "2125"]

1.d4 d6 2.Nf3 Bg4 3.c4 Nf6 4.Nc3 c6 5.g3 Nbd7 6.Bg2 e5 7.dxe5 dxe5 8.O-O Qc7
9.Qc2 Be7 10.Rd1 O-O 11.b3 Rfe8 12.Bb2 Bf8 13.e4 Nc5 14.Rd2 Bxf3 15.Bxf3 Ne6
16.Ne2 Bc5 17.h4 Rad8 18.Rad1 Rxd2 19.Rxd2 h6 20.Qd1 Bb4 21.Bc3 Bxc3 22.Nxc3
Nd4 23.Bg2 Qa5 24.Ne2 c5 25.Nxd4 exd4 26.Re2 Ng4 27.Bh3 Ne5 28.f4 Ng6 29.Qd3
Nf8 30.e5 Qc7 31.Qe4 Rd8 32.Rd2 a6 33.Bf1 Qa5 34.Qd3 b5 35.cxb5 axb5 36.Rc2 b4
37.Qe4 d3 38.Bxd3 Rd4 39.Qe2 Qd8 40.Bc4 Rd1+ 41.Kh2 {#d} 1/2-1/2

[Event "It (open)"]
[Site "San Bernadino Brocco (Switzerland)"]
[Round "0"]
[White "Jakob Simon (SUI)"]
[Black "Costa Jean-Luc (SUI)"]
[Result "0-1"]
[WhiteElo "2157"]
[BlackElo "2417"]

1.d4 Nf6 2.c4 d6 3.Nf3 Bg4 4.e3 c6 5.Be2 Nbd7 6.O-O g6 7.b4 Bg7 8.Bb2 O-O
9.Nbd2 Re8 10.Qc2 e5 11.dxe5 Nxe5 12.Rfd1 Qe7 13.h3 Bxf3 14.Nxf3 Nfd7 15.Nxe5
Bxe5 16.Rd2 a5 17.b5 cxb5 18.cxb5 Rac8 19.Qd1 Bxb2 20.Rxb2 Nb6 21.Rd2 d5
22.Bf3 Rc5 23.a4 Qe5 24.Rc1 Rxc1 25.Qxc1 Rc8 26.Qd1 Rc5 27.Rd4 Qc7 28.Qe1 Rc1
29.Rd1 Rxd1 30.Qxd1 Qc4 31.Qa1 Nd7 32.Qd1 Nb6 33.Qa1 Nxa4 34.Qe5 Qxb5 35.Bxd5
Qd7 36.Qb8+ Kg7 37.Bxb7 Qe7 38.Bc6 Nc3 39.Qa8 Qc5 40.Qa6 Qb4 41.Qa7 Qb3 42.Kh2
Ne2 {#R} 0-1

[Event "Ch URS (club)"]
[Site "Simferopol (Ukraine)"]
[Round "0"]
[White "Poluljahov Aleksandr (RUS)"]
[Black "Arbakov Valentin (RUS)"]
[Result "0-1"]
[WhiteElo "2505"]
[BlackElo "2405"]

1.Nf3 Nf6 2.c4 d6 3.d4 Bg4 4.Qb3 Qc8 5.Nbd2 g6 6.h3 Bf5 7.e3 Bg7 8.Bd3 Bxd3
9.Qxd3 O-O 10.O-O c5 11.b3 cxd4 12.exd4 d5 13.Ba3 Nc6 14.Ne5 Re8 15.Rfe1 Qd8
16.Ndf3 e6 17.Nxc6 bxc6 18.Ne5 Rc8 19.Bc5 Ne4 20.Ba3 f6 21.Nf3 Qa5 22.Bb2 Bh6
23.Re2 Bf8 24.Nd2 Nxd2 25.Rxd2 Kf7 26.Re2 Qa6 27.Rae1 Qb7 28.Bc3 Ra8 29.h4 a5
30.h5 a4 31.Qh3 Qd7 32.Re3 g5 33.h6 axb3 34.axb3 Rab8 35.Bd2 dxc4 36.bxc4 Qxd4
37.Rxe6 Rxe6 38.Qxe6+ Kg6 39.Qg8+ Kh5 40.Be3 Qd7 41.f3 Kxh6 42.g4 Re8 43.Kf2
Qd2+ 44.Re2 Qd7 45.c5 Bxc5 {#R} 0-1

[Event "Ch Yugoslavia (team) (1 liga)"]
[Site "Arandjelovac (Yugoslavia)"]
[Round "1"]
[White "Baginskaite Camilla (USA)"]
[Black "Dragasevic-G Antonina (SRB)"]
[Result "1-0"]
[WhiteElo "2358"]
[BlackElo "2153"]

1.d4 Nf6 2.c4 d6 3.Nf3 Bg4 4.Qb3 Qc8 5.g3 c6 6.Bg2 Bxf3 7.Bxf3 e5 8.e3 Be7
9.O-O O-O 10.Nc3 Nbd7 11.Bg2 a6 12.Bd2 Re8 13.Rac1 Bf8 14.Qc2 Nb6 15.Ne2 exd4
16.Nxd4 d5 17.cxd5 Nbxd5 18.e4 Nb4 19.Qc4 a5 20.a3 Na6 21.Rfe1 Nc5 22.e5 Nd5
23.b4 axb4 24.axb4 Nb6 25.Qc2 Ne6 26.Nf5 Qd8 27.Red1 Nd5 28.b5 Rc8 29.bxc6
bxc6 30.Qa4 Nc5 31.Qg4 Kh8 32.Rxc5 Rxe5 33.Bxd5 cxd5 34.Nh6 Rc7 35.Rxc7 Qxc7
36.Rc1 Qe7 37.Bc3 Re4 38.Bxg7+ {#r} 1-0

[Event "Ch Czechoslovakia"]
[Site "Brno (Czech Republic)"]
[Round "3"]
[White "Lechtynsky Jiri (CZE)"]
[Black "Pribyl Josef (CZE)"]
[Result "1/2-1/2"]
[WhiteElo "2375"]
[BlackElo "2440"]

1.Nf3 d6 2.d4 Bg4 3.c4 Nf6 4.Qb3 Qc8 5.h3 Bf5 6.Nc3 c6 7.Nh4 Bg6 8.Nxg6 hxg6
9.e4 e5 10.d5 Nbd7 11.Be2 Be7 12.Be3 c5 13.Qc2 Bd8 14.O-O-O Ba5 15.Bd2 a6
16.f4 Bxc3 17.Bxc3 exf4 18.Rdf1 Ne5 19.Rxf4 Qd7 20.Bxe5 dxe5 21.Rf2 O-O-O
22.Rhf1 Kb8 23.Qc3 Qe7 24.Qe3 Rhf8 25.Qg5 Rd7 26.Qe3 Ne8 27.g4 Rc7 28.g5 Nd6
29.b3 Rh8 30.Bg4 Ka8 31.Kb2 Qd8 32.Rc2 Qe7 {#d} 1/2-1/2

[Event "Ch Czechoslovakia (team) 1990/91"]
[Site "Czechoslovakia"]
[Round "4"]
[White "Kupka Slavoj (CZE)"]
[Black "Ramik Zdenek (CZE)"]
[Result "1/2-1/2"]
[WhiteElo "2385"]
[BlackElo "2294"]

1.d4 Nf6 2.Nf3 d6 3.c4 Bg4 4.Qb3 Qc8 5.g3 Nc6 6.Be3 e5 7.dxe5 dxe5 8.Bg2 Nd7
9.Nc3 Bc5 10.Bxc5 Nxc5 11.Qb5 Nd7 12.Rd1 a6 13.Qa4 Nb6 14.Qc2 Bf5 15.Qc1 O-O
16.O-O Re8 17.b3 Bh3 18.Qe3 Bxg2 19.Kxg2 Nd7 20.Rd2 Nf8 21.Rfd1 Qf5 22.Qe4
Qxe4 23.Nxe4 f6 24.g4 Kf7 25.e3 Red8 26.Kf1 {#d} 1/2-1/2

[Event "It (open)"]
[Site "Forli (Italy)"]
[Round "2"]
[White "Votruba Pavel (CZE)"]
[Black "Grassi Enrico (SMR)"]
[Result "1-0"]
[WhiteElo "2315"]
[BlackElo "2027"]

1.Nf3 d6 2.d4 Bg4 3.c4 Nf6 4.Qb3 Nc6 5.d5 Bxf3 6.Qxf3 Ne5 7.Qb3 g6 8.Qxb7 Bg7
9.Qb5+ c6 10.dxc6 O-O 11.Nc3 Rb8 12.Qa4 e6 13.f4 Neg4 14.h3 Qb6 15.hxg4 Nxg4
16.Nd1 Bd4 17.e3 Bxe3 18.Be2 Bf2+ 19.Kf1 Ne3+ 20.Nxe3 Bxe3 21.Qc2 Rfc8 22.Rh3
Bd4 23.Rb1 a5 24.b3 Rxc6 25.Bb2 Bg1 26.Bd3 d5 27.Rf3 a4 28.Qc3 d4 29.Qe1 axb3
30.axb3 Be3 31.Bc1 e5 32.Bxe3 e4 33.Bxe4 Re6 34.Bd5 Rxe3 35.Rxe3 dxe3 36.Qe2
Qd4 37.g3 h5 38.Rd1 Qc5 39.Rd3 Re8 40.Kg2 Kg7 41.Kf3 {#r} 1-0

[Event "It \"]
[Site "Gausdal (Norway)"]
[Round "0"]
[White "Engqvist Thomas (SWE)"]
[Black "Paronen Petteri (FIN)"]
[Result "1-0"]
[WhiteElo "2353"]
[BlackElo "2116"]

1.d4 Nf6 2.Nf3 d6 3.c4 Bg4 4.Qb3 Nc6 5.d5 Bxf3 6.gxf3 Nd4 7.Qd1 c5 8.Bh3 e6
9.Bg5 Be7 10.e3 Nf5 11.Qd3 h6 12.Bf4 Qd7 13.Nc3 O-O-O 14.O-O-O g5 15.Bg3 h5
16.dxe6 fxe6 17.Bxf5 h4 18.Bxd6 Bxd6 19.Nb5 Ne8 20.Bg6 Bb8 21.Qa3 Qe7 22.Rxd8+
Kxd8 23.Rd1+ Kc8 24.Nxa7+ Bxa7 25.Qxa7 Rh6 26.Bxe8 {#r} 1-0

[Event "It \"]
[Site "Gausdal (Norway)"]
[Round "0"]
[White "Bewersdorff Oliver (GER)"]
[Black "Martin Andrew D (ENG)"]
[Result "1/2-1/2"]
[WhiteElo "2325"]
[BlackElo "2399"]

1.d4 Nf6 2.Nf3 d6 3.c4 Bg4 4.Qb3 Qc8 5.g3 c6 6.Bg2 Nbd7 7.h3 Bh5 8.g4 Bg6
9.Bf4 e6 10.Nc3 Be7 11.Nh4 e5 12.Nxg6 hxg6 13.Be3 Qc7 14.O-O-O O-O 15.Kb1 a6
16.Bf3 exd4 17.Bxd4 Ne5 18.Ne4 Nxf3 19.Qxf3 Nxe4 20.Qxe4 Rfe8 21.Qd3 b5 22.h4
bxc4 23.Qxc4 d5 24.Qc3 Bf8 25.h5 Rxe2 26.hxg6 fxg6 27.Qh3 Rae8 28.f4 c5 29.Be5
Qb6 30.Qc3 Rd8 31.Qf3 Re4 32.Rxd5 Rxd5 33.Qxe4 Qe6 34.g5 Bd6 35.Re1 Bxe5
36.fxe5 Qf5 37.Kc2 Rxe5 38.Qxf5 Rxf5 39.Re6 Rxg5 40.Rxa6 Kf7 41.a4 {#d}
1/2-1/2

[Event "Bundesliga 1989/90 (2nd)"]
[Site "Germany"]
[Round "0"]
[White "Weiss Roland (GER)"]
[Black "Appel Ralf (GER)"]
[Result "0-1"]
[WhiteElo "2285"]
[BlackElo "2529"]

1.d4 Nf6 2.Nf3 d6 3.c4 Bg4 4.e3 c6 5.Nc3 Nbd7 6.h3 Bxf3 7.Qxf3 e5 8.Qd1 Be7
9.Be2 O-O 10.O-O a5 11.b3 Re8 12.Bb2 Bf8 13.a3 Qb6 14.Na4 Qc7 15.Qc2 exd4
16.Bxd4 g6 17.Rfd1 Bh6 18.b4 Ne4 19.Bd3 f5 20.c5 d5 21.b5 Nf8 22.Nb6 Rad8
23.Bxe4 Rxe4 24.Qc3 Ne6 25.bxc6 bxc6 26.Qxa5 f4 27.f3 Rxe3 28.Bxe3 fxe3 29.Ra2
Qg3 30.Qe1 Qxe1+ 31.Rxe1 Nxc5 32.Rc1 d4 33.Rxc5 d3 34.Nc4 d2 35.Nxd2 exd2
36.Rxd2 Rxd2 37.Rxc6 Be3+ 38.Kh2 Bf4+ 39.Kg1 Bg3 40.Rc1 Ra2 41.Kf1 Rxa3 42.Rc2
Re3 {#R} 0-1

[Event "Bundesliga 1990/91 (2nd)"]
[Site "Germany"]
[Round "0"]
[White "Schuh Hubert (GER)"]
[Black "Kurz Eugen (GER)"]
[Result "1-0"]
[WhiteElo "2292"]
[BlackElo "2357"]

1.Nf3 Nf6 2.c4 d6 3.d4 Bg4 4.g3 Bxf3 5.exf3 Nbd7 6.Bg2 c6 7.f4 g6 8.O-O Bg7
9.Nc3 O-O 10.Re1 e6 11.d5 exd5 12.cxd5 c5 13.f5 Re8 14.Bf4 Rxe1+ 15.Qxe1 Qb6
16.fxg6 hxg6 17.Qd2 Ng4 18.Bh3 Nge5 19.Qe2 f5 20.g4 fxg4 21.Bxg4 Rf8 22.Be6+
Kh7 23.Qe3 Rxf4 24.Qxf4 Bh6 25.Qa4 Qxb2 26.Rb1 Qxc3 27.Bxd7 Nf3+ 28.Kg2 Ne1+
29.Kg1 Nf3+ 30.Kg2 Nd2 31.Rxb7 c4 32.Bg4+ Bg7 33.Qxa7 Qa1 34.Bd1 Kh6 35.Qe3+
{#r} 1-0